00788nam a2200205Ia 4500008004100000020001500041040001800056041000800074100002800082245014700110260007900257300001800336490001900354504002800373650003200401650002300433650003300456700002400489765006900513130821s2006 ck gr spa  a9586559920 aCo-BoUCMbspa00aspa1 aRiaño Alcalá, Pilar10aJóvenes, memoria y violencia en Medellín una antropología del recuerdo y el olvidocPilar Riaño Alcalá; traducción, Martha Segura aMedellín (Antioquia, Colombia)bEditorial Universidad de Antioquiac2006 a276 páginas aAntropología aIncluye bibliografía.04aJuventudvAspectos sociales04aProblemas sociales04aViolenciavAspectos sociales1 aSegura, Marthaetr.10aDwellers of memory : youth and violence in Medellín, Colombia.